Podvojné účetnictví NOTIA

Salvato in:
Dettagli Bibliografici
Natura: Libro
Lingua:ceco
Pubblicazione: Praha Grada 1994
Edizione:1. vyd.
Soggetti:
Tags: Aggiungi Tag
Nessun Tag, puoi essere il primo ad aggiungerne!!

MARC

LEADER 00000nam a2200000 4500
001 c005715
005 20221205140923.3
020 |a 80-7169-084-8 
041 0 |a cze 
044 |a CZ 
245 1 0 |a Podvojné účetnictví  |b NOTIA 
250 |a 1. vyd. 
264 1 |a Praha  |b Grada  |c 1994 
300 |a 219 s. 
610 2 0 |a účtovníctvo podvojné 
610 2 0 |a osnova účtová 
610 2 0 |a majetok investičný 
610 2 0 |a zásoby 
610 2 0 |a účty investičné 
610 2 0 |a vzťahy zúčtovacie 
610 2 0 |a kapitál 
610 2 0 |a účty 
610 2 0 |a závierka účtovná 
610 2 0 |a lízing 
610 2 0 |a cash flow